Novum Testamentum : (Registro nro. 41517)

Detalles MARC
000 -LEADER
campo de control de longitud fija 02510cam a22003734i 4500
003 - IDENTIFICADOR DE NÚMERO DE CONTROL
campo de control PE-LiUPU
005 - FECHA Y HORA DE LA ÚLTIMA TRANSACCIÓN
campo de control 20250811105118.0
008 - DATOS DE LONGITUD FIJA--INFORMACIÓN GENERAL
campo de control de longitud fija 1964s1964 it a rb 000 0 lat d
020 ## - NÚMERO INTERNACIONAL ESTÁNDAR DEL LIBRO
Número Internacional Estándar del Libro N/A
035 ## - NÚMERO DE CONTROL DEL SISTEMA
Número de control de sistema PE-LiUPU37004
040 ## - FUENTE DE CATALOGACIÓN
Centro catalogador/agencia de origen PE-LiUPU
Lengua de catalogación lat
Centro/agencia transcriptor PE-LiUPU
Normas de descripción rda
041 1# - CÓDIGO DE IDIOMA
Código de lengua del texto/banda sonora o título independiente gre
-- lat
Código de lengua original gre
082 ## - NÚMERO DE LA CLASIFICACIÓN DECIMAL DEWEY
Número de clasificación 220.52037
Cutter M563n
Número de edición 23
100 ## - ENTRADA PRINCIPAL--NOMBRE DE PERSONA
Nombre de persona Merk, Augustinus,
Término indicativo de función/relación editor.
Fechas asociadas al nombre 1890-1983,
9 (RLIN) 6319
245 10 - MENCIÓN DEL TÍTULO
Título Novum Testamentum :
Resto del título graece et latine /
Mención de responsabilidad, etc. editor Augustinus Merk S.J.
250 ## - MENCION DE EDICION
Mención de edición Editio nona.
264 #1 - PRODUCCIÓN, PUBLICACIÓN, DISTRIBUCIÓN, FABRICACIÓN Y COPYRIGHT
Producción, publicación, distribución, fabricación y copyright Romae :
Nombre del de productor, editor, distribuidor, fabricante Sumptibus Pontificii Instituti Biblici,
Fecha de producción, publicación, distribución, fabricación o copyright 1964.
300 ## - DESCRIPCIÓN FÍSICA
Extensión LXXXVII, 875 páginas ;
Dimensiones 21 cm
336 ## - TIPO DE CONTENIDO
Término de tipo de contenido text
Fuente rdacontent
337 ## - TIPO DE MEDIO
Nombre/término del tipo de medio unmediated
Fuente rdamedia
338 ## - TIPO DE SOPORTE
Nombre/término del tipo de soporte volume
Fuente rdacarrier
500 ## - NOTA GENERAL
Nota general Texto del Nuevo Testamento en griego y latín en páginas opuestas; incluye aparato crítico.
500 ## - NOTA GENERAL
Nota general Reimpresión en Austria por Akademische Druck- und Verlagsanstalt – Graz.
504 ## - NOTA DE BIBLIOGRAFÍA, ETC.
Nota de bibliografía, etc. Incluye secciones paralelas, apéndice de lecciones del papiro y notas de correcciones.
505 0# - NOTA DE CONTENIDO CON FORMATO
Nota de contenido con formato Dedicatio -- Praefatio -- Prolegomena -- Κατα Ματθαιον -- Κατα Μαρκον -- Κατα Λουκαν -- Κατα Ιωαννην -- Πραξεις Αποστολων -- Προς Ρωμαιους -- Προς Κορινθιους αʹ -- Προς Κορινθιους βʹ -- Προς Γαλατας -- Προς Εφεσιους -- Προς Φιλιππησιους -- Προς Κολοσσαεις -- Sectiones et Canones Eusebii ad Mt -- Appendix: Lectiones ex papyris -- Addenda et corrigenda -- Index.
505 0# - NOTA DE CONTENIDO CON FORMATO
Nota de contenido con formato Προς Θεσσαλονικεις αʹ -- Προς Θεσσαλονικεις βʹ -- Προς Τιμοθεον αʹ -- Προς Τιμοθεον βʹ -- Προς Τιτον -- Προς Φιλημονα -- Προς Εβραιους -- Ιακωβου επιστολη -- Πετρου αʹ -- Πετρου βʹ -- Ιωαννου αʹ -- Ιωαννου βʹ -- Ιωαννου γʹ -- Ιουδα -- Αποκαλυψις Ιωαννου -- Sectiones et Canones Eusebii ad Mt -- Appendix: Lectiones ex papyris -- Addenda et corrigenda -- Index.
630 #0 - PUNTO DE ACCESO ADICIONAL DE MATERIA--TÍTULO UNIFORME
Título uniforme Biblia.
Nombre de parte o sección de la obra Nuevo Testamento
Lenguaje de la obra Griego.
9 (RLIN) 6316
630 14 - PUNTO DE ACCESO ADICIONAL DE MATERIA--TÍTULO UNIFORME
Título uniforme Biblia.
Subdivisión general Nuevo Testamento
Lenguaje de la obra Latín.
9 (RLIN) 6320
700 ## - ENTRADA AGREGADA--NOMBRE PERSONAL
Nombre de persona MacKenzie, R.A.F.,
Término indicativo de función/relación impresión.
9 (RLIN) 6321
710 ## - ENTRADA AGREGADA--NOMBRE DE ENTIDAD CORPORATIVA
Nombre de entidad corporativa o nombre de jurisdicción como elemento de entrada Pontificium Institutum Biblicum,
Término indicativo de función/relación editor.
9 (RLIN) 6322
710 ## - ENTRADA AGREGADA--NOMBRE DE ENTIDAD CORPORATIVA
Nombre de entidad corporativa o nombre de jurisdicción como elemento de entrada Akademische Druck- und Verlagsanstalt,
Término indicativo de función/relación impresor.
9 (RLIN) 6323
942 ## - ELEMENTOS DE ENTRADA SECUNDARIOS (KOHA)
Fuente del sistema de clasificación o colocación Clasificación Decimal Dewey
Tipo de ítem Koha Libros físicos
980 ## - EQUIVALENCIA O REFERENCIA-CRUZADA-MENCIÓN DE SERIE--NOMBRE DE PERSONA/TÍTULO [LOCAL, CANADÁ]
ID del último usuario que modificó el registro 18226
Nombre del último usuario que modificó el registro Jaime Vilcazán Jefe de Análisis Documental
Existencias
Visto por última vez Número de inventario Total de préstamos Signatura topográfica completa Código de barras Fecha del último préstamo Copia número Fecha de reemplazo Facultad Tipo de ítem Koha Nota pública Estado de pérdida Fuente del sistema de clasificación o colocación Restricciones de uso No para préstamo Colección Programa académico Biblioteca de origen Biblioteca actual Ubicación en estantería Fecha de adquisición Fuente de adquisición
2025-12-02 5 5 220.52037 M563n 37004 2022-12-29 e1 2015-06-25 Teología Libros físicos inventario-2023-12-13 No Perdido Clasificación Decimal Dewey No restringido Disponible para préstamos Colección General Maestría en teología histórica Biblioteca CRAI UPeU Lima Biblioteca CRAI UPeU Lima Sala principal 2015-06-25 COMPRA